01499nam a2200277 ia4500003000400000005001700004008004100021020003900062040002500101082001500126100002900141245008600170264002800256300004600284336002100330337002500351338002300376490001400399520061700413600005701030650003201087650002901119655002101148700003701169830001501206OSt20260510151214.0260510s2025 enkab cr 000 1 eng d a9780241636091cRM 55.00qpaperback aPPAKbengcPPAKerda04223a823.921 aHarlow, Clare,eauthor. 10aISTA FLIT AND THE IMPOSSIBLE KEY /cCLARE HARLOW ; Illustrated by KRISTINA KISTER 1aLondon :bPuffin,c2025 a338 pages :billustrations, maps ;c20 cm atext2rdacontent aunmediated2rdamedia avolume2rdacarrier1 aTIDEMAGIC aIsta Flit and her friends Nat and Ruby have foiled a dastardly plot by the Hettle family to take control of the town of Shelwich, but Ista still needs to find her missing father. A magical key transports her to the mysterious Glass Island, where a sinister monster haunts the reed-beds, and the local inhabitants are falling under the seductive spell of the marsh spinners. Boldly venturing into the marsh spinner court, Ista and her friends will need all their wits and Tidemagic to resist its magical pull. Can they find Ista's father, or will they be lost forever to the power of the spinners' sinister music?10aFlit, Istac(Fictitious character)vJuvenile fiction10aHostagesvJuvenile fiction.20aMagicvJuvenile fiction. 7aFantasy fiction.1 aKister, Kristina,eillustrator.  0aTidemagic